Регионална библиотека "Любен Каравелов" - Русе

Етюди за валдхорна [Нотирана музика] (Запис номер 349934)

MARC детайли
000 -Лидер
Контролно поле с фиксирана дължина ncm a22 a 4500
003 - Код на организацията, давaща контролен номер
Контролно поле BLK
005 - Дата и час на последна редакция
Контролно поле 20201007040656.0
008 - Елементи от данни с фиксирана дължина
fixed length control field 200330b bu ||||| |||| 00| 0 bu d
040 ## - Източник на каталожния запис
Идентификатор на билиотеката - собственик на записа BLK
041 ## - Код за език
Код за езика на текст/звукозапис или на отделно заглавие Български
Код за езика КДБФ Български
080 ## - УДК
Текстов определител УДК Музика за духови инструменти
УДК код - определител по УДК 788
УДК определител (497.2)
УДК - код + определител 788(497.2)
100 ## - Редна дума - Автор
Автор Караиванов, Стоян Иванов
Авторска отговорност първи автор
R(LIN) 1299
139 ## - Редно поле
Редна дума Караиванов, Стоян Иванов
Авторски знак Караи - К 31
245 ## - Сведения за заглавието
Заглавие Етюди за валдхорна [Нотирана музика]
Подзаглавни данни Върху теми от оркестрови произведения
Редно поле (дума) Стоян Караиванов
260 ## - Област на издателските данни
9 (RLIN) 209548
Място на издаване, разпространение и проч. София
Име на издателя, разпространителя и проч. Наука и изкуство
Година на издаване 1974
300 ## - Физическа характеристика
Страници 40 с.
Размери/Мащаб 32 см
Илюстрации и др. с ноти
380 ## - Жанр
Жанр Изкуство
500 ## - Общи забележки
Забележка Съдържа:<br/>21 етюда
852 ## - Местоположение
Форматна сигнатура М ІІ 6609
999 ## - СИСТЕМНИ КОНТРОЛНИ НОМЕРА
Koha biblionumber 349934
Koha biblioitemnumber 349934
942 ## - АРТИКУЛИ
Вид на библиотечния материал Нотни издания
Скрит в OPAC Не
Периодичен библиозапис Да
944 ## - СЪЗДАВАНЕ И РЕДАКЦИЯ на ЗАПИСА
Създаване/Редакция Създаване
Дата на регистрацията/редакция 2020-03-30
Статус, дата на статуса 2020-03-30
999 ## - СИСТЕМНИ КОНТРОЛНИ НОМЕРА
Koha biblioitemnumber 349931
Наличности
Код за отписване Код за изгубен артикул Източник на класификационната схема Код за повреда Коз за рестрикции Код за отдаване Артикулен № Име на библиотеката - собственик Име на библиотеката, в която се намира в момента Статус (Текущо местоположение) Дата на вписване в системата Местоположение - отдел Цена в лева Инвентарен номер Систематично азбучна сигнатура Баркод Цена в евро Служебен тип на артикула
  Не е изгубен Universal Decimal Classification Не е повреден без рестрикции заемане за дома 757109 Регионална библиотека "Любен Каравелов" Русе Регионална библиотека "Любен Каравелов" Русе Отдел Изкуство - подръчен фонд 2020-03-31 Отдел Изкуство - подръчен фонд 0.00 1133/90 788/К 31 С 900000002395 0.00 Нотни издания
  Не е изгубен Universal Decimal Classification Не е повреден без рестрикции заемане за дома 757313 Регионална библиотека "Любен Каравелов" Русе Регионална библиотека "Любен Каравелов" Русе Отдел Изкуство - подръчен фонд 2020-04-01 Отдел Изкуство - подръчен фонд 0.40 171611 788/К 31 С 120000171611 0.20 Нотни издания
  Не е изгубен Universal Decimal Classification Не е повреден само за читалня ползва се в читалня 770298 Регионална библиотека "Любен Каравелов" Русе Регионална библиотека "Любен Каравелов" Русе Хранилище 2020-05-18 Хранилище 0.40 168051 Цб М II 6609 900000004084 0.20 Нотни издания
Vip Innovations Ltd, Rousse, Bulgaria 2025